[Event "Dortmund Sparkassen op-B"]
[Site "Dortmund"]
[Date "2006.08.06"]
[Round "9"]
[White "Loewen, Xenia"]
[Black "Yu, Roland"]
[Result "1/2-1/2"]
[WhiteElo "1126"]
[BlackElo "1230"]
[PlyCount "154"]
[EventDate "2006.07.28"]
[EventType "swiss"]
[EventRounds "9"]
[EventCountry "GER"]
[SourceTitle "CBM 113 Extra"]
[Source "ChessBase"]
[SourceDate "2006.09.14"]
[SourceVersion "1"]
[SourceVersionDate "2006.09.14"]
[SourceQuality "1"]

1. e4 e5 2. Nf3 Nc6 3. d4 exd4 4. Nxd4 Nxd4 5. Qxd4 d6 6. Nc3 Nf6 7. Bg5 Be7 8. Bc4 0-0 9. 0-0 Be6 10. Rad1 h6 11. Bh4 a6 12. a4 Qd7 13. Bxe6 fxe6 14. e5 Ne8 15. Bg3 d5 16. Ne2 c6 17. c4 Nc7 18. Qg4 Bg5 19. Rd4 Rf7 20. Bf4 Bxf4 21. Nxf4 Raf8 22. g3 Rf5 23. h4 R8f7 24. Nh5 Kh8 25. Nf4 Kh7 26. Qe2 Qe7 27. cxd5 exd5 28. e6 Rf8 29. Re1 R5f6 30. Qd3+ g6 31. h5 Rg8 32. hxg6+ Rgxg6 33. Nxg6 Rxg6 34. Rg4 Qe8 35. Rxg6 Qxg6 36. Qxg6+ Kxg6 37. f4 Kf6 38. e7 Kf7 39. f5 c5 40. f6 b5 41. axb5 axb5 42. Re5 b4 43. e8Q+ Nxe8 44. Rxd5 c4 45. Rc5 Nd6 46. Kf2 Kxf6 47. Kf3 Ke6 48. Kf4 Kf6 49. Kg4 Nf7 50. Kh5 Nd6 51. Kxh6 Nf5+ 52. Kh5 Nxg3+ 53. Kg4 Nf1 54. Kf4 Nd2 55. Ke3 c3 56. bxc3 bxc3 57. Rxc3 Nf1+ 58. Kf4 Nd2 59. Rc6+ Ke7 60. Kf5 Kd7 61. Rh6 Nc4 62. Ke4 Nd6+ 63. Kd5 Nf5 64. Rh7+ Ne7+ 65. Ke5 Kd8 66. Kd6 Nf5+ 67. Ke6 Nd4+ 68. Kd5 Nf5 69. Ke5 Ne3 70. Ke6 Nc4 71. Kd5 Nb6+ 72. Kc6 Nc4 73. Rd7+ Ke8 74. Rh7 Ne5+ 75. Kd5 Ng6 76. Ra7 Nf4+ 77. Kd6 Ng6 1/2-1/2